Určovanie hodnoty aktív v životnom poistení bakalárska práca

Salvato in:
Dettagli Bibliografici
Autore principale: Dermíšek, Milan
Ente Autore: Fakulta hospodárskej informatiky EU. Katedra matematiky
Altri autori: Sakálová, Katarína, 1955-
Natura: Libro
Lingua:slovacco
Pubblicazione: Bratislava 2011
Tags: Aggiungi Tag
Nessun Tag, puoi essere il primo ad aggiungerne!!

MARC

LEADER 00000nbm a2200000 4500
001 0141309
005 20161109111748.7
041 0 |a slo 
044 |a SK 
245 1 0 |a Určovanie hodnoty aktív v životnom poistení  |b bakalárska práca  |c Milan Dermíšek ; školiteľ: Katarína Sakálová 
264 1 |a Bratislava  |c 2011 
300 |a 40 s. 
100 1 |a Dermíšek, Milan 
700 1 |a Sakálová, Katarína, 1955- 
710 2 |a Fakulta hospodárskej informatiky EU. Katedra matematiky